LDR 00694naa#a2200157#i#450# 001 EN\\bibl\19477 005 20260516054907.6 100 ## _a20260515b2026####ek#y0engy0150####ca 102 ## _aRU 200 1# _aFORMATION OF THE POPULATION GENETIC STRUCTURE OF FOREST-FORMING SPECIES _eConference article/thesis 210 1# _aVoronezh _cFSBE Institution of Higher Education Voronezh State University of Forestry and Technologies named after G.F. Morozov _d2026 215 ## _a8 с. 608 ## _aConference article/thesis _2local 675 ## _aЛесное хозяйство. Лесоводство. 630 _aНаследственность. Наследование. 575.1 _z 700 #1 _aPadutov _gV. E. 856 4# _abibl.vgltu.ru _u